000 00785nac a22001931u 4500
008 090402t xxu||||| |||| 00| 0 eng d
010 _a 2005037878
020 _a97801350009345 (hardcover : alk. paper)
020 _a0135009340
035 _a(OCoLC)ocm62766112
082 0 0 _a658.4
_bCAR
245 1 0 _aStrategic management :
_bAdynamic perspective : concepts and cases /
_cMason A. Carpenter, Wm. Gerard Sanders.
250 _a2nd ed.
_bPearson international edition.
260 _aUpper Saddle River, N.J. :
_bPearson/Prentice Hall,
_cc2009.
300 _a885 p. :
_bill. (chiefly col.) ;
_c29 cm.
504 _aIncludes bibliographical references and index.
856 4 1 _3Table of contents only
_uhttp://www.loc.gov/catdir/toc/ecip065/2005037878.html
942 _cBB
_k658.4CAR
_2ddc
999 _c11161
_d11161